000
00305nam a22001337a 4500
082
_a
894.812
_b
EMM/O
100
_a
EMMATTY, GEORGE
245
_a
111 BALAKATHAKAL
250
_a
5
260
_a
THRISSUR
_b
H&C PUBLISHING HOUSE
_c
2007
300
_a
111
650
_a
MALAYALAM SHORT STORY
_z
KERALA
942
_c
BK
999
_c
1335
_d
1335